书目信息 |
| 题名: |
核击日本
|
|
| 作者: | 加尔布雷思, 著 ;王宏林 编译 | |
| 分册: | ||
| 出版信息: | 北京 京华出版社 2004.6 |
|
| 页数: | 297页, [4] 页图版 | |
| 开本: | 21cm | |
| 丛书名: | 二战经典战役全记录 | |
| 单 册: | ||
| 中图分类: | E195.24 , K152 | |
| 科图分类: | ||
| 主题词: | 美国对日本广岛、长崎原子突袭--mei guo dui ri ben guang dao chang qi yuan zi tu xi , 第二次世界大战战役--di er ci shi jie da zhan zhan yi | |
| 电子资源: | ||
| ISBN: | 978-7-80600-906-2 | |
| 000 | 01081nam 2200313 45 | |
| 001 | 012001012526 | |
| 005 | 20191209145220.06 | |
| 010 | @a978-7-80600-906-2@dCNY56.00 | |
| 099 | @aCAL 012007057710 | |
| 100 | @a20070416d2006 em y0chiy50 ea | |
| 101 | 0 | @achi |
| 102 | @aCN@b110000 | |
| 105 | @aacf z 000yy | |
| 106 | @ar | |
| 200 | 1 | @a核击日本@Ahe ji ri ben@d= The atomic bomb@f原著肯尼斯·加尔布雷思@g编译王宏林@zeng |
| 205 | @a第2版 | |
| 210 | @a北京@c京华出版社@d2004.6 | |
| 215 | @a297页, [4] 页图版@c图 (部分彩图), 肖像@d21cm | |
| 225 | 2 | @a二战经典战役全记录@Aer zhan jing dian zhan yi quan ji lu |
| 410 | 0 | @12001@@a二战经典战役全记录 |
| 510 | 1 | @aAtomic bomb@zeng |
| 606 | 0 | @a美国对日本广岛、长崎原子突袭@Amei guo dui ri ben guang dao chang qi yuan zi tu xi |
| 606 | 0 | @a第二次世界大战战役@Adi er ci shi jie da zhan zhan yi |
| 690 | @aE195.24@v4 | |
| 690 | @aK152@v4 | |
| 701 | 1 | @a加尔布雷思,@Ajia er bu lei si@b肯尼斯@4著 |
| 702 | 0 | @a王宏林@Awang hong lin@4编译 |
| 801 | 2 | @aCN@b上海新华@c20191020 |
| 905 | @b1179712-5@dE195.24@e118=2@f4 | |
| 核击日本= The atomic bomb/原著肯尼斯·加尔布雷思/编译王宏林.-第2版.-北京:京华出版社,2004.6 |
| 297页, [4] 页图版:图 (部分彩图), 肖像;21cm.-(二战经典战役全记录) |
| ISBN 978-7-80600-906-2:CNY56.00 |
| ● |
| 相关链接 |
|
|
|
|
正题名:核击日本
索取号:E195.24/118=2
 
预约/预借
| 序号 | 登录号 | 条形码 | 馆藏地/架位号 | 状态 | 备注 |
| 1 | 1179712 | 211797126 | 第一样本阅览室/ [索取号:E195.24/118=2] | 在馆 | |
| 2 | 1179713 | 211797135 | 第一借阅区/ [索取号:E195.24/118=2] | 在馆 | |
| 3 | 1179714 | 211797144 | 第一借阅区/ [索取号:E195.24/118=2] | 在馆 | |
| 4 | 1179715 | 211797153 | 第一借阅区/ [索取号:E195.24/118=2] | 在馆 |